[Event "Croatian junior league 2021"]
[Site "Rabac"]
[Date "2021.04.08"]
[Round "5.6"]
[White "Simunic, Krunoslav"]
[Black "Zadro, Matej"]
[Result "1/2-1/2"]
[WhiteElo "1999"]
[BlackElo "1742"]
[Annotator "RC"]
[PlyCount "117"]
[EventDate "2021.04.06"]
[EventType "swiss"]
[EventCountry "CRO"]
[SourceTitle "playchess.com"]
[Source "ChessBase"]
[SourceQuality "1"]
[TimeControl "5400+30"]

1. d4 {[%emt 0:01:19]} Nf6 {[%emt 0:00:00]} 2. c4 {[%emt 0:00:13]} g6 {[%emt 0:00:03]} 3. Nc3 {[%emt 0:00:32]} Bg7 {[%emt 0:00:07]} 4. e4 {[%emt 0:00:34]} d6 {[%emt 0:00:07]} 5. Be2 {[%emt 0:00:28]} O-O {[%emt 0:03:45]} 6. Bg5 {[%emt 0:00:19]} a6 {[%emt 0:01:15]} 7. h3 {[%emt 0:01:13]} c5 {[%emt 0:01:02]} 8. d5 {[%emt 0:01:41]} b5 {[%emt 0:03:30]} 9. cxb5 {[%emt 0:05:17]} axb5 {[%emt 0:16:02]} 10. Bxf6 {[%emt 0:13:56]} Bxf6 {[%emt 0:00:15]} 11. Bxb5 {[%emt 0:00:22]} Qa5 {[%emt 0:02:01]} 12. Nge2 {[%emt 0:01:05]} Ba6 {[%emt 0:05:50]} 13. Bxa6 {[%emt 0:04:15]} Nxa6 {[%emt 0:00:24]} 14. O-O {[%emt 0:04:27]} Rfb8 {[%emt 0:05:57]} 15. Rb1 {[%emt 0:08:45]} c4 {[%emt 0:28:28]} 16. Nd4 {[%emt 0:05:00]} Nb4 {[%emt 0:01:44]} 17. a3 {[%emt 0:01:09]} Bxd4 {[%emt 0:00:12]} 18. Qxd4 {[%emt 0:14:30]} Nd3 {[%emt 0:01:17]} 19. b3 {[%emt 0:01:38]} Nf4 {[%emt 0:09:21]} 20. Kh2 {[%emt 0:10:11]} cxb3 {[%emt 0:03:27]} 21. a4 {[%emt 0:03:48]} Rb4 {[%emt 0:02:19]} 22. Qe3 {[%emt 0:01:40]} Nh5 {[%emt 0:00:20]} 23. Rb2 {[%emt 0:02:00]} Nf6 {[%emt 0:01:59]} 24. Ra1 {[%emt 0:04:42]} Nd7 {[%emt 0:00:45]} 25. f4 {[%emt 0:05:08]} Nc5 {[%emt 0:01:43]} 26. e5 {[%emt 0:01:59]} Rab8 {[%emt 0:03:52]} 27. exd6 {[%emt 0:04:01]} exd6 {[%emt 0:00:01]} 28. f5 {[%emt 0:01:22]} Rc4 {[%emt 0:04:07]} 29. Ne2 {[%emt 0:01:15]} Qd8 {[%emt 0:00:37]} 30. a5 {[%emt 0:01:01]} Qf6 {[%emt 0:00:18]} 31. Rab1 {[%emt 0:00:36]} Re4 {[%emt 0:00:50]} 32. Qf3 {[%emt 0:00:45]} Qxf5 {[%emt 0:01:14]} 33. Qxf5 {[%emt 0:00:10]} gxf5 {[%emt 0:00:04]} 34. Ng3 {[%emt 0:00:54]} Reb4 {[%emt 0:00:22]} 35. Nxf5 {[%emt 0:00:33]} Kf8 {[%emt 0:03:13]} 36. Nxd6 {[%emt 0:00:25]} Ke7 {[%emt 0:00:23]} 37. Nf5+ {[%emt 0:00:20]} Kf6 {[%emt 0:00:10]} 38. Rf2 {[%emt 0:00:24]} Ke5 {[%emt 0:00:55]} 39. Ne7 {[%emt 0:00:51]} Kd6 {[%emt 0:01:00]} 40. Nc6 {[%emt 0:00:18]} Kxd5 {[%emt 0:00:21]} 41. Nxb8 {[%emt 0:00:27]} Rxb8 {[%emt 0:00:07]} 42. Rxf7 {[%emt 0:00:15]} Kc4 {[%emt 0:00:16]} 43. Rc7 {[%emt 0:00:45]} Kb4 {[%emt 0:00:28]} 44. Rxh7 {[%emt 0:00:47]} Ka3 {[%emt 0:00:16]} 45. a6 {[%emt 0:00:32]} Nxa6 {[%emt 0:00:21]} 46. Ra7 {[%emt 0:00:15]} Ka2 {[%emt 0:00:12]} 47. Rf1 {[%emt 0:00:44]} Rb6 {[%emt 0:00:04]} 48. h4 {[%emt 0:00:33]} b2 {[%emt 0:00:05]} 49. h5 {[%emt 0:00:21]} b1=Q {[%emt 0:00:03]} 50. Rxb1 {[%emt 0:00:06]} Kxb1 {[%emt 0:00:07]} 51. g4 {[%emt 0:00:17]} Nc5 {[%emt 0:00:17]} 52. g5 {[%emt 0:00:38]} Ne4 {[%emt 0:02:53]} 53. g6 {[%emt 0:00:26]} Nf6 {[%emt 0:00:01]} 54. g7 {[%emt 0:00:59]} Rb5 {[%emt 0:00:43]} 55. Ra3 {[%emt 0:00:44]} Rxh5+ {[%emt 0:00:05]} 56. Rh3 {[%emt 0:00:17]} Rg5 {[%emt 0:00:37]} 57. Rg3 {[%emt 0:00:22]} Ng4+ {[%emt 0:00:04]} 58. Kh3 {[%emt 0:00:08]} Rxg7 {[%emt 0:00:04]} 59. Rxg4 {[%emt 0:00:01]} 1/2-1/2

[Event "Croatian junior league 2021"]
[Site "Rabac"]
[Date "2021.04.08"]
[Round "5.7"]
[White "Horcicka, Jan"]
[Black "Denic, Marin"]
[Result "0-1"]
[WhiteElo "1698"]
[BlackElo "1914"]
[Annotator "NA"]
[PlyCount "54"]
[EventDate "2021.04.06"]
[EventType "swiss"]
[EventCountry "CRO"]
[SourceTitle "playchess.com"]
[Source "ChessBase"]
[SourceQuality "1"]
[TimeControl "5400+30"]

1. e4 {[%emt 0:00:00]} e5 {[%emt 0:00:46]} 2. Nf3 {[%emt 0:00:20]} Nc6 {[%emt 0:00:07]} 3. Bc4 {[%emt 0:00:10]} Bc5 {[%emt 0:00:09]} 4. Nc3 {[%emt 0:00:49]} d6 {[%emt 0:00:34]} 5. d3 {[%emt 0:00:29]} Be6 {[%emt 0:00:39]} 6. Nd5 {[%emt 0:05:27]} Nce7 {[%emt 0:01:04]} 7. c3 {[%emt 0:05:20]} c6 {[%emt 0:00:45]} 8. Nxe7 {[%emt 0:00:34]} Qxe7 {[%emt 0:00:38]} 9. Bxe6 {[%emt 0:00:37]} Qxe6 {[%emt 0:01:13]} 10. O-O {[%emt 0:00:28]} Nf6 {[%emt 0:01:53]} 11. d4 {[%emt 0:01:56]} Bb6 {[%emt 0:01:06]} 12. Qc2 {[%emt 0:01:54]} O-O {[%emt 0:01:41]} 13. Ng5 {[%emt 0:05:23]} Qe7 {[%emt 0:04:33]} 14. dxe5 $1 {[%emt 0:09:34]} Qxe5 $11 {[%emt 0:09:54]} 15. Kh1 {[%emt 0:05:07]} h6 {[%emt 0:08:27]} 16. f4 {[%emt 0:04:44]} Qe7 {[%emt 0:01:13]} 17. e5 {[%emt 0:01:54]} hxg5 {[%emt 0:02:27]} 18. exf6 {[%emt 0:01:08]} Qxf6 {[%emt 0:00:54]} 19. Rf3 {[%emt 0:01:31]} g4 {[%emt 0:15:28]} 20. Rg3 {[%emt 0:00:58]} Qe6 {[%emt 0:03:31]} 21. Bd2 {[%emt 0:02:57]} Bf2 {[%emt 0:01:20]} 22. f5 {[%emt 0:01:19]} Qe2 {[%emt 0:00:28]} 23. Rd3 {[%emt 0:00:48]} Rfe8 {[%emt 0:00:47]} 24. Rxd6 {[%emt 0:02:57]} Rad8 {[%emt 0:03:48]} 25. Rxd8 {[%emt 0:00:45]} Rxd8 {[%emt 0:00:13]} 26. Rd1 {[%emt 0:00:29]} Be3 {[%emt 0:01:46]} 27. f6 {[%emt 0:02:51]} Rxd2 {[%emt 0:00:43]} 0-1

[Event "Croatian junior league 2021"]
[Site "Rabac"]
[Date "2021.04.08"]
[Round "5.8"]
[White "Cecic-Sule, Dino"]
[Black "Kostic, Lovro"]
[Result "0-1"]
[WhiteElo "1770"]
[BlackElo "1367"]
[Annotator "NA"]
[PlyCount "134"]
[EventDate "2021.04.06"]
[EventType "swiss"]
[EventCountry "CRO"]
[SourceTitle "playchess.com"]
[Source "ChessBase"]
[SourceQuality "1"]
[TimeControl "5400+30"]

1. d4 {[%emt 0:01:13]} g6 {[%emt 0:00:00]} 2. c4 {[%emt 0:00:28]} Bg7 {[%emt 0:00:00]} 3. Nc3 {[%emt 0:00:08]} d6 {[%emt 0:00:02]} 4. e4 {[%emt 0:00:08]} Nd7 {[%emt 0:00:21]} 5. Nf3 {[%emt 0:00:12]} c5 {[%emt 0:04:41]} 6. Be3 {[%emt 0:08:22]} b6 {[%emt 0:07:33]} 7. Qd2 {[%emt 0:09:07]} Bb7 {[%emt 0:06:38]} 8. d5 {[%emt 0:04:20]} h6 {[%emt 0:08:31]} 9. Be2 {[%emt 0:01:08]} Ngf6 {[%emt 0:06:22]} 10. h3 {[%emt 0:02:33]} a6 {[%emt 0:02:57]} 11. O-O {[%emt 0:09:14]} Qc7 {[%emt 0:07:18]} 12. Nh4 {[%emt 0:14:23]} Nf8 {[%emt 0:18:42]} 13. f4 {[%emt 0:01:02]} O-O-O {[%emt 0:08:06]} 14. Rab1 {[%emt 0:14:34]} e6 {[%emt 0:02:17]} 15. b4 {[%emt 0:06:54]} exd5 {[%emt 0:05:14]} 16. cxd5 {[%emt 0:01:10]} N8d7 {[%emt 0:02:28]} 17. Na4 {[%emt 0:08:15]} Nxe4 {[%emt 0:00:46]} 18. Qd3 {[%emt 0:01:25]} Ng3 {[%emt 0:03:28]} 19. bxc5 {[%emt 0:02:24]} dxc5 {[%emt 0:03:44]} 20. Rfc1 {[%emt 0:03:25]} Nxe2+ {[%emt 0:00:51]} 21. Qxe2 {[%emt 0:00:02]} Kb8 {[%emt 0:01:51]} 22. Nxb6 {[%emt 0:05:23]} Rhe8 {[%emt 0:03:23]} 23. Nxd7+ {[%emt 0:02:31]} Rxd7 {[%emt 0:00:24]} 24. Qc2 {[%emt 0:01:43]} Rxe3 {[%emt 0:00:49]} 25. Rxb7+ {[%emt 0:00:14]} Kxb7 {[%emt 0:00:59]} 26. Rb1+ {[%emt 0:01:15]} Ka7 {[%emt 0:01:03]} 27. Nf3 {[%emt 0:00:39]} Bd4 {[%emt 0:00:36]} 28. Nxd4 {[%emt 0:01:14]} cxd4 {[%emt 0:00:10]} 29. Qb2 {[%emt 0:00:02]} Rc3 {[%emt 0:00:54]} 30. Qd2 {[%emt 0:00:54]} Qc5 {[%emt 0:00:40]} 31. Kh2 {[%emt 0:00:21]} Qxd5 {[%emt 0:00:36]} 32. a4 {[%emt 0:00:37]} Qa5 {[%emt 0:01:00]} 33. Qb2 {[%emt 0:00:16]} Qc7 {[%emt 0:00:16]} 34. Qd2 {[%emt 0:00:40]} d3 {[%emt 0:00:38]} 35. Qe3+ {[%emt 0:00:10]} Qc5 {[%emt 0:00:34]} 36. Qe8 {[%emt 0:00:27]} Rb7 {[%emt 0:00:55]} 37. Rd1 {[%emt 0:00:45]} Qe7 {[%emt 0:00:44]} 38. Qh8 {[%emt 0:00:31]} Rc2 {[%emt 0:00:45]} 39. Qd4+ {[%emt 0:00:35]} Qc5 {[%emt 0:00:33]} 40. Qxd3 {[%emt 0:00:01]} Rc3 {[%emt 0:00:30]} 41. Qd8 {[%emt 0:00:58]} Qc4 {[%emt 0:00:28]} 42. Rd4 {[%emt 0:00:37]} Qc7 {[%emt 0:00:52]} 43. Qf6 {[%emt 0:00:17]} Rc4 {[%emt 0:00:23]} 44. Rd6 {[%emt 0:00:34]} Rb6 {[%emt 0:00:31]} 45. Rxb6 {[%emt 0:00:21]} Qxb6 {[%emt 0:00:08]} 46. Qxf7+ {[%emt 0:00:04]} Rc7 {[%emt 0:00:07]} 47. Qf8 {[%emt 0:00:41]} h5 {[%emt 0:00:29]} 48. Qd8 {[%emt 0:00:37]} Rb7 {[%emt 0:00:28]} 49. Qg5 {[%emt 0:00:22]} Rf7 {[%emt 0:00:38]} 50. a5 {[%emt 0:00:15]} Qc7 {[%emt 0:00:41]} 51. Qxg6 {[%emt 0:00:59]} Rxf4 {[%emt 0:00:36]} 52. Kg1 {[%emt 0:00:50]} Rc4 {[%emt 0:01:21]} 53. Qxh5 {[%emt 0:00:20]} Qc5+ {[%emt 0:00:15]} 54. Qxc5+ {[%emt 0:00:12]} Rxc5 {[%emt 0:00:06]} 55. g4 {[%emt 0:00:07]} Rxa5 {[%emt 0:00:06]} 56. Kg2 {[%emt 0:00:05]} Kb7 {[%emt 0:00:07]} 57. Kg3 {[%emt 0:00:06]} Kc7 {[%emt 0:00:12]} 58. h4 {[%emt 0:00:06]} Kd7 {[%emt 0:00:43]} 59. h5 {[%emt 0:00:09]} Rb5 {[%emt 0:00:11]} 60. h6 {[%emt 0:00:14]} Rb8 {[%emt 0:00:25]} 61. g5 {[%emt 0:00:10]} Ke7 {[%emt 0:00:14]} 62. Kg4 {[%emt 0:00:16]} Kf7 {[%emt 0:00:47]} 63. Kh5 {[%emt 0:00:16]} Rb5 {[%emt 0:00:15]} 64. h7 {[%emt 0:00:45]} Kg7 {[%emt 0:00:04]} 65. h8=Q+ {[%emt 0:00:14]} Kxh8 {[%emt 0:00:15]} 66. Kh6 {[%emt 0:00:02]} Kg8 {[%emt 0:00:23]} 67. g6 {[%emt 0:00:10]} Rb6 {[%emt 0:00:16]} 0-1

[Event "Croatian junior league 2021"]
[Site "Rabac"]
[Date "2021.04.08"]
[Round "5.9"]
[White "Alfirevic, Duje"]
[Black "Kovac, Petar"]
[Result "1/2-1/2"]
[WhiteElo "1996"]
[BlackElo "2089"]
[Annotator "RC"]
[PlyCount "62"]
[EventDate "2021.04.06"]
[EventType "swiss"]
[EventCountry "CRO"]
[SourceTitle "playchess.com"]
[Source "ChessBase"]
[SourceQuality "1"]
[TimeControl "5400+30"]

1. e4 {[%emt 0:03:02]} e6 {[%emt 0:00:00]} 2. d4 {[%emt 0:00:32]} d5 {[%emt 0:00:00]} 3. Nd2 {[%emt 0:00:11]} c5 {[%emt 0:00:00]} 4. Ngf3 {[%emt 0:00:05]} cxd4 {[%emt 0:00:00]} 5. exd5 {[%emt 0:00:06]} Qxd5 {[%emt 0:00:00]} 6. Bc4 {[%emt 0:00:09]} Qd7 {[%emt 0:00:00]} 7. O-O {[%emt 0:00:44]} Nc6 {[%emt 0:00:08]} 8. Nb3 {[%emt 0:00:17]} Nf6 {[%emt 0:01:01]} 9. Nbxd4 {[%emt 0:00:33]} Nxd4 {[%emt 0:00:05]} 10. Nxd4 {[%emt 0:00:45]} a6 {[%emt 0:00:05]} 11. c3 {[%emt 0:05:24]} Qc7 {[%emt 0:00:16]} 12. Bb3 {[%emt 0:00:27]} Bd6 {[%emt 0:01:05]} 13. h3 {[%emt 0:00:11]} O-O {[%emt 0:00:50]} 14. Bg5 {[%emt 0:02:27]} Ne4 {[%emt 0:02:33]} 15. Bh4 {[%emt 0:09:49]} e5 {[%emt 0:14:03]} 16. Nf3 {[%emt 0:04:34]} Bf5 {[%emt 0:04:56]} 17. Bc2 {[%emt 0:10:40]} Bg6 {[%emt 0:03:42]} 18. Re1 {[%emt 0:03:50]} Nf6 {[%emt 0:03:33]} 19. Bxf6 {[%emt 0:06:33]} gxf6 {[%emt 0:00:17]} 20. Nh4 {[%emt 0:03:44]} Bc5 {[%emt 0:04:19]} 21. Qg4 {[%emt 0:11:28]} Kh8 {[%emt 0:12:15]} 22. Nf5 {[%emt 0:02:45]} Qb6 {[%emt 0:02:25]} 23. Re2 {[%emt 0:01:50]} a5 {[%emt 0:06:12]} 24. h4 {[%emt 0:03:22]} h5 {[%emt 0:04:41]} 25. Qf3 {[%emt 0:00:44]} Qxb2 {[%emt 0:02:24]} 26. Rae1 {[%emt 0:01:21]} Qxa2 {[%emt 0:02:59]} 27. Ng3 {[%emt 0:03:04]} Qe6 {[%emt 0:06:25]} 28. Bf5 {[%emt 0:01:14]} Qc6 {[%emt 0:02:09]} 29. Be4 {[%emt 0:00:46]} Qe6 {[%emt 0:00:20]} 30. Bf5 {[%emt 0:00:55]} Qc6 {[%emt 0:00:48]} 31. Be4 {[%emt 0:02:14]} Qe6 {[%emt 0:00:13]} 1/2-1/2

[Event "Croatian junior league 2021"]
[Site "Rabac"]
[Date "2021.04.08"]
[Round "5.10"]
[White "Stjepic, Borna"]
[Black "Sagovac, Kristijan"]
[Result "1-0"]
[WhiteElo "1825"]
[BlackElo "1920"]
[Annotator "ChessBase"]
[PlyCount "111"]
[EventDate "2021.04.06"]
[EventType "swiss"]
[EventCountry "CRO"]
[SourceTitle "playchess.com"]
[Source "ChessBase"]
[SourceQuality "1"]
[TimeControl "5400+30"]

1. e4 {[%emt 0:00:00]} c5 {[%emt 0:00:00]} 2. Nc3 {[%emt 0:00:00]} Nc6 {[%emt 0:00:19]} 3. Bb5 {[%emt 0:00:03]} g6 {[%emt 0:00:16]} 4. Bxc6 {[%emt 0:00:46]} dxc6 {[%emt 0:00:08]} 5. d3 {[%emt 0:00:07]} Bg7 {[%emt 0:00:23]} 6. Nge2 {[%emt 0:02:38]} Nf6 {[%emt 0:02:08]} 7. h3 {[%emt 0:02:43]} e5 {[%emt 0:00:48]} 8. O-O {[%emt 0:02:28]} Be6 {[%emt 0:02:00]} 9. Be3 {[%emt 0:05:57]} b6 {[%emt 0:01:19]} 10. f4 {[%emt 0:00:51]} exf4 {[%emt 0:03:49]} 11. Nxf4 {[%emt 0:00:14]} Qd7 {[%emt 0:00:59]} 12. Qd2 {[%emt 0:07:31]} O-O {[%emt 0:02:51]} 13. a4 {[%emt 0:06:43]} a5 {[%emt 0:04:24]} 14. Rf2 {[%emt 0:06:21]} Ne8 {[%emt 0:02:49]} 15. Raf1 {[%emt 0:08:58]} Bd4 {[%emt 0:04:40]} 16. Nce2 {[%emt 0:02:24]} Ng7 {[%emt 0:02:48]} 17. Nxe6 {[%emt 0:06:38]} Bxe3 {[%emt 0:00:59]} 18. Qxe3 {[%emt 0:00:05]} Qxe6 {[%emt 0:02:00]} 19. Qg5 {[%emt 0:03:33]} f5 {[%emt 0:07:21]} 20. Ng3 {[%emt 0:00:49]} fxe4 {[%emt 0:01:50]} 21. Rxf8+ {[%emt 0:01:44]} Rxf8 {[%emt 0:00:01]} 22. Rxf8+ {[%emt 0:00:16]} Kxf8 {[%emt 0:00:06]} 23. Nxe4 {[%emt 0:00:29]} Ne8 {[%emt 0:22:38]} 24. Qd8 {[%emt 0:04:23]} b5 {[%emt 0:11:50]} 25. axb5 {[%emt 0:02:28]} cxb5 {[%emt 0:01:13]} 26. Qxa5 {[%emt 0:01:03]} Qd7 {[%emt 0:03:08]} 27. Qb6 {[%emt 0:04:05]} Qd4+ {[%emt 0:04:13]} 28. Kf1 {[%emt 0:00:21]} Qxb2 {[%emt 0:01:17]} 29. Qxc5+ {[%emt 0:00:11]} Kg8 {[%emt 0:03:39]} 30. Qc6 {[%emt 0:04:39]} Kf8 {[%emt 0:05:20]} 31. Qc3 {[%emt 0:00:49]} Qxc3 {[%emt 0:02:10]} 32. Nxc3 {[%emt 0:00:02]} Nc7 {[%emt 0:00:53]} 33. Kf2 {[%emt 0:00:17]} Ke7 {[%emt 0:00:38]} 34. Ke3 {[%emt 0:01:54]} Kd6 {[%emt 0:05:15]} 35. Ne4+ {[%emt 0:01:57]} Kc6 {[%emt 0:00:51]} 36. c4 {[%emt 0:03:27]} bxc4 {[%emt 0:00:45]} 37. dxc4 {[%emt 0:00:01]} Ne6 {[%emt 0:00:00]} 38. h4 {[%emt 0:00:27]} h5 {[%emt 0:00:35]} 39. Ng5 {[%emt 0:01:01]} Ng7 {[%emt 0:00:35]} 40. Kf4 {[%emt 0:01:51]} Kc5 {[%emt 0:01:01]} 41. Nf3 {[%emt 0:00:33]} Kxc4 {[%emt 0:01:21]} 42. Ne5+ {[%emt 0:00:09]} Kd5 {[%emt 0:00:34]} 43. Nxg6 {[%emt 0:00:03]} Ke6 {[%emt 0:00:35]} 44. Kg5 {[%emt 0:00:19]} Kf7 {[%emt 0:00:31]} 45. Nf4 {[%emt 0:00:15]} Kg8 {[%emt 0:00:10]} 46. Nxh5 {[%emt 0:00:18]} Ne6+ {[%emt 0:00:01]} 47. Kf6 {[%emt 0:01:01]} Nd4 {[%emt 0:00:33]} 48. Nf4 {[%emt 0:00:31]} Nc2 {[%emt 0:00:04]} 49. g4 {[%emt 0:00:38]} Ne3 {[%emt 0:00:03]} 50. g5 {[%emt 0:00:55]} Ng4+ {[%emt 0:00:04]} 51. Kf5 {[%emt 0:00:38]} Ne3+ {[%emt 0:00:24]} 52. Kg6 {[%emt 0:00:31]} Nc4 {[%emt 0:00:14]} 53. h5 {[%emt 0:00:41]} Nd6 {[%emt 0:01:25]} 54. h6 {[%emt 0:00:59]} Ne8 {[%emt 0:01:52]} 55. h7+ {[%emt 0:00:33]} Kh8 {[%emt 0:00:05]} 56. Kh6 {[%emt 0:00:50]} 1-0

[Event "Croatian junior league 2021"]
[Site "Rabac"]
[Date "2021.04.08"]
[Round "5.11"]
[White "Dumancic, Simun"]
[Black "Vukojevic, Toni"]
[Result "1-0"]
[WhiteElo "1883"]
[BlackElo "1538"]
[Annotator "NA"]
[PlyCount "85"]
[EventDate "2021.04.06"]
[EventType "swiss"]
[EventCountry "CRO"]
[SourceTitle "playchess.com"]
[Source "ChessBase"]
[SourceQuality "1"]
[TimeControl "5400+30"]

1. e4 {[%emt 0:00:00]} e5 {[%emt 0:00:00]} 2. Nf3 {[%emt 0:00:00]} Nc6 {[%emt 0:00:00]} 3. Bc4 {[%emt 0:00:00]} Bc5 {[%emt 0:00:00]} 4. c3 {[%emt 0:00:06]} Nf6 {[%emt 0:00:00]} 5. d4 {[%emt 0:00:08]} exd4 {[%emt 0:00:00]} 6. cxd4 {[%emt 0:00:05]} Bb4+ {[%emt 0:00:00]} 7. Nc3 {[%emt 0:00:04]} Nxe4 {[%emt 0:00:50]} 8. O-O {[%emt 0:00:05]} Bxc3 {[%emt 0:00:13]} 9. d5 {[%emt 0:00:05]} Ne5 {[%emt 0:03:47]} 10. Qe2 {[%emt 0:13:05]} Nxf3+ {[%emt 0:01:09]} (10... O-O $5 {[%cal Re4d6]} 11. bxc3 Nxc4 12. Qxe4 Nd6 $15) 11. Qxf3 {[%emt 0:00:40] [#]} O-O $1 {[%emt 0:00:30]} 12. bxc3 {[%emt 0:01:49]} Qh4 {[%emt 0:01:26]} 13. Bd3 {[%emt 0:19:31]} Nf6 $14 {[%emt 0:02:21]} ({Black should try} 13... Nc5 $15) 14. d6 {[%emt 0:08:31]} Ng4 {[%emt 0:04:49]} 15. Bf4 {[%emt 0:03:19]} c6 {[%emt 0:14:33]} 16. Rae1 {[%emt 0:10:08]} Nf6 {[%emt 0:03:07]} 17. Bc4 {[%emt 0:05:06]} b5 {[%emt 0:02:01]} 18. Bxb5 {[%emt 0:04:23]} Qh5 {[%emt 0:07:10]} 19. Bd3 {[%emt 0:02:09]} Qxf3 {[%emt 0:01:08]} 20. gxf3 {[%emt 0:00:07]} Nd5 {[%emt 0:00:08]} 21. Bd2 {[%emt 0:00:28]} a5 {[%emt 0:01:29]} 22. Rb1 {[%emt 0:07:44]} Ba6 {[%emt 0:01:38]} 23. Bxa6 {[%emt 0:00:37]} Rxa6 {[%emt 0:00:04]} 24. Rb7 {[%emt 0:00:34]} Rd8 {[%emt 0:00:30]} 25. Rfb1 {[%emt 0:00:13]} h6 {[%emt 0:03:41]} 26. c4 {[%emt 0:02:19]} Nf6 {[%emt 0:00:47]} 27. Rb8 {[%emt 0:01:04]} Rxb8 {[%emt 0:02:28]} 28. Rxb8+ {[%emt 0:00:04]} Kh7 {[%emt 0:00:06]} 29. Bc3 {[%emt 0:08:17]} Kg6 {[%emt 0:00:19]} 30. Rb7 {[%emt 0:01:01]} c5 {[%emt 0:00:51]} 31. Bxf6 {[%emt 0:01:52]} Kxf6 {[%emt 0:00:06]} 32. Rxd7 {[%emt 0:00:02]} Ke6 {[%emt 0:00:08]} 33. Re7+ {[%emt 0:00:14]} Kf6 {[%emt 0:02:03]} 34. Rc7 {[%emt 0:00:33]} Rxd6 {[%emt 0:00:43]} 35. Rxc5 {[%emt 0:00:22]} Rd4 {[%emt 0:02:04]} 36. Rxa5 {[%emt 0:03:53]} Rxc4 {[%emt 0:00:12]} 37. a4 {[%emt 0:00:30]} Rc3 {[%emt 0:01:09]} 38. Kg2 {[%emt 0:00:28]} Ra3 {[%emt 0:00:07]} 39. Ra7 {[%emt 0:00:55]} Ke6 {[%emt 0:00:40]} 40. a5 {[%emt 0:00:27]} g6 {[%emt 0:00:14]} 41. a6 {[%emt 0:00:07]} f6 {[%emt 0:01:00]} 42. Ra8 {[%emt 0:00:12]} Ke7 {[%emt 0:00:46]} 43. a7 {[%emt 0:00:06]} 1-0

[Event "Croatian junior league 2021"]
[Site "Rabac"]
[Date "2021.04.08"]
[Round "5.12"]
[White "Jakrlin, Mihael"]
[Black "Damjanovic, Stjepan"]
[Result "1-0"]
[WhiteElo "2106"]
[BlackElo "1890"]
[Annotator "RC"]
[PlyCount "131"]
[EventDate "2021.04.06"]
[EventType "swiss"]
[EventCountry "CRO"]
[SourceTitle "playchess.com"]
[Source "ChessBase"]
[SourceQuality "1"]
[TimeControl "5400+30"]

1. Nf3 {[%emt 0:02:18]} d5 {[%emt 0:00:00]} 2. g3 {[%emt 0:00:34]} Nf6 {[%emt 0:00:00]} 3. Bg2 {[%emt 0:00:04]} e6 {[%emt 0:00:00]} 4. O-O {[%emt 0:00:42]} Be7 {[%emt 0:00:00]} 5. c4 {[%emt 0:00:11]} O-O {[%emt 0:00:08]} 6. b3 {[%emt 0:00:06]} b6 {[%emt 0:00:43]} 7. Bb2 {[%emt 0:00:08]} Nbd7 {[%emt 0:00:32]} 8. e3 {[%emt 0:00:19]} c5 {[%emt 0:01:38]} 9. Qe2 {[%emt 0:00:12]} Ne4 {[%emt 0:04:38]} 10. d3 {[%emt 0:05:05]} Nd6 {[%emt 0:02:14]} 11. e4 {[%emt 0:03:20]} Bb7 {[%emt 0:01:14]} 12. Nbd2 {[%emt 0:01:30]} d4 {[%emt 0:07:50]} 13. e5 {[%emt 0:00:27]} Nf5 {[%emt 0:01:43]} 14. Bc1 {[%emt 0:05:29]} Qc7 {[%emt 0:03:09]} 15. Ne4 {[%emt 0:06:51]} h6 {[%emt 0:24:26]} 16. h4 {[%emt 0:05:03]} a5 {[%emt 0:03:30]} 17. a4 {[%emt 0:03:39]} Bc6 {[%emt 0:02:48]} 18. Bf4 {[%emt 0:07:04]} Qb7 {[%emt 0:01:49]} 19. Kh2 {[%emt 0:00:51]} Bd8 {[%emt 0:00:48]} 20. Kh3 {[%emt 0:06:01]} Bxe4 {[%emt 0:02:33]} 21. dxe4 {[%emt 0:04:23]} Ne7 {[%emt 0:00:53]} 22. Nh2 {[%emt 0:00:34]} Bc7 {[%emt 0:02:12]} 23. Qh5 {[%emt 0:00:08]} Ng6 {[%emt 0:18:13]} 24. Ng4 {[%emt 0:02:55]} Qb8 {[%emt 0:01:31]} 25. Bxh6 {[%emt 0:01:28]} Bxe5 {[%emt 0:04:37]} 26. Bg5 {[%emt 0:04:26]} Ra7 {[%emt 0:03:01]} 27. f4 {[%emt 0:00:17]} Nf6 {[%emt 0:01:55]} 28. Bxf6 {[%emt 0:01:27]} Bxf6 {[%emt 0:00:06]} 29. e5 {[%emt 0:01:14]} Bd8 {[%emt 0:01:29]} 30. Be4 {[%emt 0:00:10]} Qc8 {[%emt 0:02:55]} 31. Bxg6 {[%emt 0:03:56]} fxg6 {[%emt 0:00:20]} 32. Qxg6 {[%emt 0:00:01]} Qc6 {[%emt 0:00:33]} 33. Ra2 {[%emt 0:02:21]} Qe8 {[%emt 0:02:10]} 34. Qxe8 {[%emt 0:00:05]} Rxe8 {[%emt 0:00:06]} 35. Nf2 {[%emt 0:00:18]} Be7 {[%emt 0:00:33]} 36. h5 {[%emt 0:00:14]} Rf8 {[%emt 0:00:37]} 37. Nd3 {[%emt 0:00:19]} Bd8 {[%emt 0:00:32]} 38. g4 {[%emt 0:00:06]} Raf7 {[%emt 0:00:10]} 39. Raf2 {[%emt 0:00:05]} Bc7 {[%emt 0:02:29]} 40. f5 {[%emt 0:00:11]} exf5 {[%emt 0:00:09]} 41. gxf5 {[%emt 0:00:02]} Re8 {[%emt 0:00:25]} 42. Re2 {[%emt 0:00:08]} Ree7 {[%emt 0:00:44]} 43. Kg4 {[%emt 0:00:15]} Kh7 {[%emt 0:00:19]} 44. e6 {[%emt 0:00:18]} Rf6 {[%emt 0:00:28]} 45. Nf2 {[%emt 0:00:45]} Rf8 {[%emt 0:01:15]} 46. Ne4 {[%emt 0:00:12]} Kh6 {[%emt 0:00:17]} 47. Rf3 {[%emt 0:01:09]} Bb8 {[%emt 0:02:57]} 48. Ng5 {[%emt 0:00:19]} Rf6 {[%emt 0:00:14]} 49. Rg2 {[%emt 0:00:18]} Bc7 {[%emt 0:00:42]} 50. Kh4 {[%emt 0:01:01]} Bb8 {[%emt 0:00:38]} 51. Ne4 {[%emt 0:00:31]} Rf8 {[%emt 0:02:10]} 52. Rg6+ {[%emt 0:00:07]} Kh7 {[%emt 0:00:03]} 53. Ng5+ {[%emt 0:00:06]} Kh8 {[%emt 0:00:22]} 54. h6 {[%emt 0:00:05]} Be5 {[%emt 0:01:38]} 55. Kg4 {[%emt 0:00:50]} Bf6 {[%emt 0:00:30]} 56. Rh3 {[%emt 0:01:10]} Kg8 {[%emt 0:00:31]} 57. hxg7 {[%emt 0:01:18]} Rxg7 {[%emt 0:00:28]} 58. Rxg7+ {[%emt 0:00:13]} Kxg7 {[%emt 0:00:31]} 59. Rh7+ {[%emt 0:00:20]} Kg8 {[%emt 0:00:08]} 60. Rd7 {[%emt 0:00:09]} Rd8 {[%emt 0:00:18]} 61. Ne4 {[%emt 0:00:08]} Rf8 {[%emt 0:00:35]} 62. e7 {[%emt 0:00:11]} Bxe7 {[%emt 0:00:30]} 63. Rxe7 {[%emt 0:00:02]} Rd8 {[%emt 0:00:59]} 64. Kg5 {[%emt 0:00:11]} d3 {[%emt 0:00:26]} 65. Kg6 {[%emt 0:00:08]} Kf8 {[%emt 0:00:34]} 66. Rf7+ {[%emt 0:00:07]} 1-0